|
|
|
|
| LEADER |
00599cam a2200181 7i4500 |
| 001 |
0000004913 |
| 005 |
20170218090000.0 |
| 020 |
|
|
|a 0735605726 (pbk.)
|
| 020 |
|
|
|a 9780735605725
|
| 090 |
0 |
0 |
|a TK5105.5
|b .W66 1999
|
| 100 |
1 |
|
|a Woodcock, JoAnne
|
| 245 |
1 |
0 |
|a Step up to networking
|c JoAnne Woodcock.
|
| 260 |
|
|
|a Redmond, Wash.:
|b Microsoft Press,
|c 1999.
|
| 300 |
|
|
|a xvi, 315 p.:
|b ill.;
|c 24 cm.
|
| 500 |
|
|
|a Includes index
|
| 650 |
0 |
0 |
|a Computer networks
|
| 997 |
|
|
|a Communication, Visual Art & Computing, Faculty
|b Computing, Department
|
| 999 |
|
|
|a 0000000988
|b BOK
|c OPEN SHELF
|e 2nd Floor, Bestari Jaya
|